Casalc Review [odborný recenzovaný časopis České a slovenské asociace učitelů jazykových center na vysokých školách]

Guardado en:
Detalles Bibliográficos
Formato: Seriadas
Lenguaje:checo
eslovaco
inglés
Publicado: Brno Centrum jazykového vzdělávání MU
Etiquetas: Agregar Etiqueta
Sin Etiquetas, Sea el primero en etiquetar este registro!

MARC

LEADER 00000nas1a2200000 4500
001 0290661
005 20240417080452.2
022 |a 1804-9435 
022 |a 2694-9288 
041 0 |a cze 
041 0 |a slo 
041 0 |a eng 
044 |a CZ 
245 1 0 |a Casalc Review  |b [odborný recenzovaný časopis České a slovenské asociace učitelů jazykových center na vysokých školách] 
264 1 |a Brno  |b Centrum jazykového vzdělávání MU